Megújulóban Csongrád megye gazdasága beszélgetés dr. Komócsin Mihállyal /
Elmentve itt :
| Szerzők: | |
|---|---|
| Dokumentumtípus: | Cikk |
| Megjelent: |
1985-06-06
|
| Sorozat: | Délmagyarország
75 No. 131 |
| Kulcsszavak: | Csongrád megye, Gazdaság Csongrád megye |
| Online Access: | http://dmarchiv.bibl.u-szeged.hu/86301 |
| LEADER | 00574nab a2200169 i 4500 | ||
|---|---|---|---|
| 001 | delm86301 | ||
| 005 | 20190911141821.0 | ||
| 008 | 190911s1985 hu o 0|| hun d | ||
| 040 | |a SZTE Délmagyarország Archívum |b hun | ||
| 041 | |a hun | ||
| 100 | 1 | |a Komócsin Mihály | |
| 245 | 1 | 0 | |a Megújulóban Csongrád megye gazdasága |h [elektronikus dokumentum] : |b beszélgetés dr. Komócsin Mihállyal / |c Komócsin Mihály |
| 260 | |c 1985-06-06 | ||
| 300 | |a 3 | ||
| 490 | 0 | |a Délmagyarország |v 75 No. 131 | |
| 695 | |a Csongrád megye, Gazdaság Csongrád megye | ||
| 700 | 0 | 1 | |a Tanács István |e aut |